000 00642nam a2200241Ia 4500
003 OSt
005 20221005042603.0
006 a|||||r|||| 00| 0
007 ta
008 221004b |||||||| |||| 00| 0 eng d
024 _a31570
037 _cTextual
040 _aCRL
_cCRL
_beng
041 _2eng
_aeng
082 _aO111,1L57:g, J9
100 _aGleckner Robert F.
245 0 _aPiper and the Bard
260 _aDetroit
_bWayne State University Press
_c1959
300 _a323p.
_ccm.
650 _aENGLISH LITERATURE
942 _hO111,1L57:g, J9
_cTEXL
_2cc
999 _c950513
_d950513